Migración, fronteras e identidades étnicas transnacionales /
Gorde:
| Egile nagusia: | |
|---|---|
| Beste egile batzuk: | |
| Formatua: | Texto |
| Argitaratua: |
Tijuana :
El Colegio de la Frontera Norte. Porrúa
|
| Gaiak: | |
| Etiketak: |
Etiketa erantsi
Etiketarik gabe, Izan zaitez lehena erregistro honi etiketa jartzen!
|
MARC
| LEADER | 00000 a a2200000 04500 | ||
|---|---|---|---|
| 001 | 39634 | ||
| 003 | |||
| 040 | |||
| 020 | |a 978-968-7947-57-0 |a 978-970-819-117-3 | ||
| 090 | |a 1001 V433m | ||
| 100 | |a Velasco Ortiz, Laura | ||
| 245 | |a Migración, fronteras e identidades étnicas transnacionales / |c Laura Velasco Ortiz | ||
| 260 | |a Tijuana : |b El Colegio de la Frontera Norte. Porrúa | ||
| 300 | |a 339 p. | ||
| 650 | |a MIGRACION | ||
| 650 | |a MIGRANTES | ||
| 650 | |a MEXICANOS | ||
| 650 | |a FRONTERAS | ||
| 650 | |a IDENTIDAD CULTURAL | ||
| 650 | |a MEXICO | ||
| 650 | |a ESTADOS UNIDOS | ||
| 700 | |a coord. | ||
| 999 | |c 14025 |d 14025 | ||



